Statistics for Cuco - We Had To End It | Lyrics

Click here to take the quiz!

General Stats

  • This quiz has been taken 13 times
  • The average score is 100 of 146

Answer Stats

Answer% Correct
a
90%
an
90%
and
90%
love
90%
lover
90%
me
90%
the
90%
be
80%
but
80%
came
80%
did
80%
didn't
80%
end
80%
guess
80%
I
80%
lie
80%
my
80%
on
80%
one
80%
she
80%
so
80%
that
80%
thought
80%
to
80%
want
80%
was
80%
when
80%
you
80%
dreams
70%
dumb
70%
finish
70%
ghost
70%
girl
70%
had
70%
just
70%
life
70%
nightmares
70%
nights
70%
of
70%
present
70%
sleepless
70%
swear
70%
all
60%
away
60%
begun
60%
belong
60%
could
60%
felt
60%
gone
60%
haunts
60%
have
60%
i'll
60%
know
60%
lies
60%
loved
60%
mercy
60%
never
60%
no
60%
only
60%
past
60%
ruin
60%
said
60%
shine
60%
wife
60%
would
60%
agony
50%
as
50%
back
50%
before
50%
bring
50%
can
50%
cause
50%
crashed
50%
day
50%
far
50%
he
50%
looked
50%
nothing
50%
pain
50%
road
50%
song
50%
there
50%
thinking
50%
this
50%
welcomed
50%
where
50%
you'll
50%
after
40%
blind
40%
both
40%
bright
40%
die
40%
left
40%
made
40%
they
40%
time
40%

Score Distribution

Percentile by Number Answered

Percent of People with Each Score

Your Score History

You have not taken this quiz